000
00332 a2200133 4500
000
nam a22 7a 4500
100
_a
S Devi
110
_a
S Devi
245
_a
Introduction to Personal Development and Soft Skills
250
_a
Latest edition
260
_b
Book Enclave
_c
2024
264
_b
Book Enclave
_c
2024
942
_c
BK
999
_c
396901
_d
396901